000 00514nam a22001697a 4500
003 OSt
005 20250710105128.0
008 250710b |||||||| |||| 00| 0 eng d
040 _cAIMIT LIBRARY
100 _aShetty, Jnanavi.
_e222110
_9217988
245 _aVechicle insurance premium calculator /
_cBy Shetty, Jnanavi .
260 _aMangalore ;
_c2024.
700 _aT, Vanitha.
_eMentor
_9217989
700 _aN, Hemalatha.
_eGuide
_9217990
856 _3CMS Computers Pvt Ltd
_uwww.cms.co.in
942 _2ddc
_cPRO
999 _c234604
_d234604